Biggest Cities in California, Texas and Florida - Statistics

General Stats
  • This quiz has been taken 51 times
  • The average score is 18 of 20
Answer Stats
Population Answer % Correct
1.3 M Dallas
100%
2.4 M Houston
98%
500 K Miami
98%
1.5 M San Antonio
98%
1 M Austin
95%
3.9 M Los Angeles
95%
300 K Orlando
95%
800 K San Francisco
95%
400 K Tampa
95%
1 M Jacksonville
93%
1.4 M San Diego
93%
700 K El Paso
90%
1 M Fort Worth
88%
400 K Oakland
88%
1 M San Jose
88%
500 K Sacramento
83%
500 K Long Beach
75%
600 K Fresno
73%
400 K Bakersfield
70%
400 K Anaheim
68%
No matching quizzes found
Score Distribution
Percent of People with Each Score
Percentile by Number Answered
Your Score History
You have not taken this quiz